| 000 | 00881 a2200217 4500 | ||
|---|---|---|---|
| 003 | Nust | ||
| 005 | 20230320093401.0 | ||
| 010 | _a 85027795 | ||
| 020 | _a0387161279 (pbk. : U.S.) | ||
| 040 | _cNust | ||
| 082 | 0 | 0 | _a621.66,YOU |
| 100 | 1 |
_aYoung, Matt, _969027 |
|
| 245 | 1 | 0 |
_aOptics and lasers : _ban engineering physics approach / _cMatt Young. |
| 260 |
_aBerlin ; _aNew York : _bSpringer-Verlag, _cc1986. |
||
| 300 |
_axvi, 207 p _bill. ; _c24 cm. |
||
| 440 | 0 |
_aSpringer series in optical sciences ; _vv. 5 _998141 |
|
| 505 | _aRay Optics (Page-1), Optical Instruments (Page-20), Light Sources and Detectors (Page-43), Wave Optics (Page-73), Interferometry and Related Areas (Page-106), Holography and Fourier Optics (Page-118), Lasers (Page-144), Electromagnetic and Polarization Effects (Page-171). | ||
| 650 | 0 | _aLasers. | |
| 650 | 0 |
_aOptics. _940012 |
|
| 942 |
_2ddc _cBK |
||
| 999 |
_c183559 _d183559 |
||